00334pab a2200121 454500008004000000100001600040245006500056260000900121300001400130362001200144650001000156773004600166180718b2008 xxu||||| |||| 00| 0 eng d aHyder, Asma aThe effects of relocation on wages: a decomposition analysis c2008 ap.169-80. aJan-Dec aWages aInternational Journal of Rural Management